De la Intervención a la negociación

محفوظ في:
التفاصيل البيبلوغرافية
التنسيق: نص
منشور في: s.l.: s.e.
الوسوم: إضافة وسم
لا توجد وسوم, كن أول من يضع وسما على هذه التسجيلة!

MARC

LEADER 00000 a a2200000 04500
001 21617
003
040 |a CRAI/IIS  |c CRAI/IIS 
090 |a 096100  
245 |a De la Intervención a la negociación  
260 |a s.l.:   |b s.e.  
300 |a 10 p.  
999 |c 16298  |d 16298